Villes du Royaume-Uni en images - Statistiques

Statistiques générales
  • Ce quiz a été pris 163 fois
  • Le résultat moyen est 7 sur 30
Statistiques - réponses
Par images Réponse % Correct
Londres
93%
Oxford
69%
Édimbourg
66%
Brighton
52%
Liverpool
44%
Birmingham
36%
Cambridge
36%
Douvres
33%
Manchester
33%
York
29%
Glasgow
26%
Belfast
24%
Cardiff
24%
Leeds
24%
Bath
21%
Newcastle upon Tyne
20%
Bristol
18%
Sheffield
13%
Aberdeen
11%
Exeter
9%
Stoke-on-Trent
9%
Canterbury
8%
Leicester
8%
Swansea
8%
Inverness
6%
Dundee
5%
Douglas
4%
Kingston upon Hull
3%
Truro
3%
Middlesbrough
2%
Aucun quiz correspondant
Distribution des résultats
% des personnes avec chaque résultat
Percentile par nombre de réponses
Votre historique - résultats
Vous n’avez pas pris ce quiz